| 000 | 00667nam a2200217 i 4500 | ||
|---|---|---|---|
| 001 | 115134 | ||
| 003 | ES-MaACL | ||
| 007 | t| | ||
| 008 | 070222s1910 sp ||||1| spa d | ||
| 080 | _a821.134.2(85)-32"19" | ||
| 100 | 1 |
_aSassone, Felipe. _9103913 |
|
| 245 | 1 | 0 |
_aEn carne viva / _cpor Felipe Sassone ; ilustraciones de N. Montero. |
| 260 |
_aMadrid : _bEl Cuento Semanal, _c1910. |
||
| 300 |
_a20 p. : _bil. col. y n. ; _c26 cm. |
||
| 490 | 1 |
_aEl cuento semanal ; _v167 |
|
| 500 | _aCuatro páginas deterioradas. | ||
| 700 | 1 |
_aMontero, N. _982495 |
|
| 830 | 0 | 3 |
_aEl cuento semanal _v167 _9185957 |
| 852 |
_aES-MaACL _jG-4445(10) |
||
| 999 |
_c115134 _d115134 |
||